|
|
|
|
| LEADER |
00000cam a2200000 7i4500 |
| 001 |
0000000893 |
| 005 |
20140405.0 |
| 090 |
0 |
0 |
|a R THE338.47674
|b CHE 1996
|
| 100 |
0 |
0 |
|a CHE Roslan bin Che Daud
|
| 245 |
1 |
0 |
|a Stumpage valuation in three logging blocks of Kelantan Timber Complex (KTC) agreement ares
|c Che Roslan bin Che Daud
|
| 260 |
0 |
0 |
|a Serdang, Selangor :
|b UPM ,
|c 1996
|
| 300 |
|
|
|a xiii, 161 p. ;
|c 30 cm.
|
| 500 |
0 |
0 |
|a Bachelor of Forest Science - Universiti Putra Malaysia, 1996
|
| 500 |
0 |
0 |
|a Bibliography: [p. 82-83]
|
| 650 |
0 |
0 |
|a Forests and forestry
|x Economic aspects
|z Kelantan
|
| 650 |
0 |
0 |
|a Lumber trade
|z Kelantan
|
| 998 |
|
|
|a JPSM
|
| 999 |
|
|
|a 0000001908
|b Monograph
|c Thesis
|e Default branch
|